000
002780000a22001210004500
041
0
_a
SPA
082
0
4
_a
V 004
110
1
_a
Producciones 5600
245
1
0
_a
Mundos Escondidos NÂș 4 : Rarezas Antiguas del Amazonas / ABC VIDEO
306
_a
35 minutos
001
964
942
_c
LGB
999
_c
48141
_d
48141